The road to information literacy : (Record no. 136845)
[ view plain ]
| 000 -LEADER | |
|---|---|
| fixed length control field | 00932nam a2200229 4500 |
| 010 ## - LIBRARY OF CONGRESS CONTROL NUMBER | |
| LC control number | B-000297 |
| 020 ## - INTERNATIONAL STANDARD BOOK NUMBER | |
| International Standard Book Number | 9783110280845 |
| 035 ## - SYSTEM CONTROL NUMBER | |
| System control number | B-000297 |
| 037 ## - SOURCE OF ACQUISITION | |
| Source of stock number/acquisition | Cen Lib / Ret |
| 040 ## - CATALOGING SOURCE | |
| Original cataloging agency | DPL |
| Language of cataloging | EN |
| 082 ## - DEWEY DECIMAL CLASSIFICATION NUMBER | |
| Classification number | 028.7071 |
| Item number | IFL |
| 245 ## - TITLE STATEMENT | |
| Title | The road to information literacy : |
| Remainder of title | librarians as facilitators of learning / |
| Statement of responsibility, etc | edited by Roisin Gwyer, Ruth Stubbings [and] Graham Walton |
| 300 ## - PHYSICAL DESCRIPTION | |
| Extent | 343p : |
| Dimensions | 27cm(Hb) |
| 490 ## - SERIES STATEMENT | |
| Series statement | IFLA publications |
| Volume number/sequential designation | 157 |
| 650 ## - SUBJECT ADDED ENTRY--TOPICAL TERM | |
| Topical term or geographic name as entry element | Librarians -- In-service training -- Congresses. |
| 650 ## - SUBJECT ADDED ENTRY--TOPICAL TERM | |
| Topical term or geographic name as entry element | Library employees -- In-service training -- Congresses. |
| 650 ## - SUBJECT ADDED ENTRY--TOPICAL TERM | |
| Topical term or geographic name as entry element | Librarians -- In-service training -- Congresses. Library employees -- In-service training -- Congresses. Information literacy -- Study and teaching -- Congresses. |
| 700 ## - ADDED ENTRY--PERSONAL NAME | |
| Personal name | Gwyer, Roisin |
| 700 ## - ADDED ENTRY--PERSONAL NAME | |
| Personal name | Stubbings, Ruth |
| 700 ## - ADDED ENTRY--PERSONAL NAME | |
| Personal name | Walton, Graham |
| 942 ## - ADDED ENTRY ELEMENTS (KOHA) | |
| Source of classification or shelving scheme | Dewey Decimal Classification |
| Koha item type | English Books |
| Classification part | 028.7071 |
| Call number suffix | IFL |
| Withdrawn status | Lost status | Source of classification or shelving scheme | Damaged status | Not for loan | Home library | Current library | Date acquired | Source of acquisition | Total Checkouts | Full call number | Barcode | Date last seen | Copy number | Price effective from | Koha item type |
|---|---|---|---|---|---|---|---|---|---|---|---|---|---|---|---|
| Dewey Decimal Classification | Central Library | Central Library | 10/03/2016 | Cen Lib/Ret | 028.7071 IFL | B-000297 | 10/03/2016 | 1 | 10/03/2016 | English Books |
